Statistics for Werewolves of London Lyrics

Click here to take the quiz!

General Stats

  • This quiz has been taken 22 times
  • The average score is 17 of 24

Answer Stats

HintAnswer% Correct
I saw a werewolf with a _______ menu in his handChinese
95%
Werewolves of ______London
95%
Werewolves of ______London
95%
__________ of LondonWerewolves
90%
Doing the __________ of Londonwerewolves
90%
Doing the werewolves __ Londonof
86%
Better stay ____ from himaway
81%
He was looking for the _____ called Lee Ho Fook'splace
81%
Going to get a big dish of ____ chow meinbeef
76%
He's the hairy handed gent who ran amuck in ____Kent
76%
Little old lady got _________ late last nightmutilated
76%
Walking through the streets of ____ in the rainSoho
76%
I'd like to meet his ______tailor
76%
Werewolves of London _____again
71%
Werewolves of London _____again
71%
______ not let him inBetter
71%
He'll rip your _____ out, Jimlungs
67%
Well, I saw Lon Chaney walking with the _____Queen
67%
I saw ___ ______, Jr. walking with the QueenLon Chaney
57%
Lately he's been overheard in _______Mayfair
57%
His hair was _______perfect
57%
If you hear him _______ around your kitchen doorhowling
52%
I saw a werewolf drinking a ____ ______ at Trader Vic'spina colada
48%
Draw _____blood
33%

Score Distribution

Percentile by Number Answered

Percent of People with Each Score

Your Score History

You have not taken this quiz